| 000 | 00731nam a2200253Ia 4500 | ||
|---|---|---|---|
| 003 | OSt | ||
| 005 | 20220928115300.0 | ||
| 006 | a|||||r|||| 00| 0 | ||
| 007 | ta | ||
| 008 | 220927b |||||||| |||| 00| 0 hin d | ||
| 020 | _c795 | ||
| 024 | _a124406 | ||
| 037 |
_b064, 02/09/2014, Classic Book Service _cTextual |
||
| 040 |
_aSDCL _cSDCL _bhin |
||
| 041 |
_2hin _ahin |
||
| 082 | _aXM2:2'P, Q4 | ||
| 100 |
_aJha D.N Ed. _9418045 |
||
| 245 | 0 |
_aBhartiya samantvaad _b Rajya,samaj aur vichardhara. |
|
| 260 |
_aNew Delhi _bManohar _c2014 |
||
| 300 |
_ax;556p. _ccm. |
||
| 650 | _aHistory | ||
| 942 |
_hXM2:2'P, Q4 _cTEXL _2CC |
||
| 999 |
_c758783 _d758783 |
||